[Event "XI Weekend A"]
[Site "Vignola ITA"]
[Date "2012.11.18"]
[Round "4"]
[White "Garofalo, Sergio"]
[Black "Chiarion, Elisa"]
[WhiteElo "1826"]
[BlackElo "1949"]
[Result "0-1"]
[PlyCount "78"]
[EventDate "2012.11.16"]

1. d4 d5 2. c4 e6 3. Nf3 c6 4. e3 Nf6 5. a3 Nbd7 6. b3 Bd6 7. Bb2 O-O 8. Nbd2
Qc7 9. c5 Be7 10. b4 b6 11. Rc1 a5 12. Bd3 axb4 13. axb4 bxc5 14. bxc5 e5 15.
dxe5 Ng4 16. e6 Nxc5 17. Rxc5 Bxc5 18. Bxh7+ Kxh7 19. Ng5+ Kg8 20. Qxg4 Bxe6
21. Qh4 Bf5 22. O-O Rfb8 23. Bc3 Ra3 24. Bd4 Ra4 25. g4 f6 26. gxf5 fxg5 27.
Qxg5 Bxd4 28. exd4 Rxd4 29. f6 Rf8 30. Re1 Rxf6 31. Re8+ Kf7 32. Qh5+ Rg6+ 33.
Kf1 Rxd2 34. Qh8 Qd6 35. Qg8+ Kf6 36. Rf8+ Ke5 37. Rf3 Rd1+ 38. Ke2 Re1+ 39.
Kxe1 Qb4+ 0-1

[Event "XI Weekend A"]
[Site "Vignola ITA"]
[Date "2012.11.18"]
[Round "4"]
[White "Modena, Giorgio"]
[Black "Sacchetti, Andrea"]
[WhiteElo "1934"]
[BlackElo "1865"]
[Result "1-0"]
[PlyCount "51"]
[EventDate "2012.11.16"]

1. e4 e5 2. Nf3 d6 3. Bc4 Be7 4. c3 Nf6 5. d3 O-O 6. O-O h6 7. h3 Nbd7 8. Be3
Re8 9. Nbd2 Bf8 10. Re1 c6 11. b4 b5 12. Bb3 Qc7 13. Rc1 Qd8 14. Nf1 a5 15. a3
Bb7 16. Ng3 c5 17. bxc5 dxc5 18. a4 c4 19. dxc4 bxc4 20. Bxc4 Nxe4 21. Nxe4
Bxe4 22. Bb5 Bxf3 23. Qxf3 Qc7 24. Red1 Bd6 25. Qd5 Rad8 26. Qxd6 1-0

[Event "XI Weekend A"]
[Site "Vignola ITA"]
[Date "2012.11.18"]
[Round "4"]
[White "Santamato, Luigi"]
[Black "Ballista, Massimiliano"]
[WhiteElo "1775"]
[BlackElo "1640"]
[Result "1-0"]
[PlyCount "109"]
[EventDate "2012.11.16"]

1. d4 d5 2. c4 e6 3. g3 Nf6 4. Bg2 c6 5. Nf3 Nbd7 6. O-O Be7 7. Nbd2 O-O 8. Qc2
dxc4 9. Nxc4 c5 10. dxc5 Bxc5 11. Rd1 Qc7 12. Bf4 Qd8 13. Bd6 Bxd6 14. Nxd6 Qe7
15. e4 e5 16. Rac1 Rd8 17. Qc7 b6 18. Nf5 Qe8 19. Nxe5 Ba6 20. Nc6 Rdc8 21.
Nce7+ Kh8 22. Nxc8 Rxc8 23. Qxa7 Rxc1 24. Rxc1 Bd3 25. Nd6 Qe7 26. Rc8+ Ng8 27.
Qa8 Ndf6 28. e5 h6 29. h3 Bh7 30. exf6 Qxd6 31. fxg7+ Kxg7 32. Qf3 Ne7 33. Qc3+
f6 34. Rc7 Kf8 35. Rc4 Kg7 36. Qd4 Qe6 37. Qg4+ Qxg4 38. hxg4 Bg8 39. Rc7 Kf8
40. b3 Be6 41. f3 Nd5 42. Rc6 Ke7 43. Kf2 Kd7 44. Rc2 Nb4 45. Rd2+ Ke7 46. Bf1
Nc6 47. Bc4 Bd7 48. Bb5 Ke6 49. Rxd7 Kxd7 50. Bxc6+ Kxc6 51. Ke3 Kd5 52. Kf4 b5
53. Kf5 Kc5 54. Kxf6 Kb4 55. Ke5 1-0

[Event "XI Weekend A"]
[Site "Vignola ITA"]
[Date "2012.11.18"]
[Round "4"]
[White "Simonini, Mattia"]
[Black "Venturelli, Giuseppe"]
[WhiteElo "1794"]
[BlackElo "1644"]
[Result "1-0"]
[PlyCount "99"]
[EventDate "2012.11.16"]

1. d4 c6 2. c4 d5 3. Nf3 Nf6 4. Nc3 dxc4 5. a4 Bf5 6. e3 e6 7. Bxc4 Nbd7 8. O-O
Nb6 9. Be2 Bb4 10. Na2 Nbd5 11. Nxb4 Nxb4 12. Bd2 Nfd5 13. Bxb4 Nxb4 14. Ne5
Qg5 15. Qd2 a5 16. Nd3 Nxd3 17. Bxd3 h5 18. Bxf5 Qxf5 19. f3 Ra6 20. e4 Qf6 21.
b4 b6 22. Rac1 Qd8 23. Rxc6 Qd7 24. Rfc1 O-O 25. b5 Raa8 26. Rxb6 Rfd8 27. d5
exd5 28. exd5 Qe7 29. d6 Qe5 30. Rbc6 Kh7 31. Qd3+ g6 32. Rd1 Ra7 33. Qd4 Qe2
34. h3 Rb7 35. Qd2 Qe5 36. Qxa5 Qe3+ 37. Kh1 Re8 38. Qd2 Qb3 39. Rc7 Rxc7 40.
dxc7 Qxa4 41. b6 Qa8 42. Qd5 Qa4 43. b7 Qb4 44. c8=Q Re1+ 45. Rxe1 Qxe1+ 46.
Kh2 h4 47. Qxf7+ Kh6 48. Qf4+ g5 49. Qc6+ Kh5 50. Qg4# 1-0

[Event "XI Weekend A"]
[Site "Vignola ITA"]
[Date "2012.11.18"]
[Round "5"]
[White "Chiarion, Elisa"]
[Black "Carletti, Davide M."]
[WhiteElo "1949"]
[BlackElo "1873"]
[Result "1/2-1/2"]
[PlyCount "88"]
[EventDate "2012.11.16"]

1. e4 e5 2. Nf3 Nc6 3. Bc4 Bc5 4. b4 Bxb4 5. c3 Be7 6. d4 d6 7. Qb3 Na5 8.
Bxf7+ Kf8 9. Qa4 Kxf7 10. Qxa5 b6 11. Qb5 Bd7 12. Qd3 Bf6 13. dxe5 Bxe5 14.
Qd5+ Be6 15. Nxe5+ dxe5 16. Qxe5 Nf6 17. Bf4 Re8 18. f3 Bxa2 19. Qb5 a6 20. Qe2
Bxb1 21. Rxb1 b5 22. O-O Kg8 23. c4 c6 24. Rfd1 Qe7 25. Bd6 Qe6 26. Bc7 Rac8
27. Ba5 Nd7 28. f4 Nc5 29. e5 Qxc4 30. Qxc4+ bxc4 31. Rdc1 Nb3 32. Rxc4 Nxa5
33. Rc5 Rb8 34. Rxb8 Rxb8 35. Rxa5 Rb6 36. Kf2 Kf7 37. g4 g6 38. f5 gxf5 39.
gxf5 Rb5 40. Rxb5 cxb5 41. Ke3 a5 42. Kd3 a4 43. Kc3 a3 44. Kb3 b4 1/2-1/2

[Event "XI Weekend A"]
[Site "Vignola ITA"]
[Date "2012.11.18"]
[Round "5"]
[White "Degli Esposti, Eugenio"]
[Black "Cocuzzi, Edoardo"]
[WhiteElo "1668"]
[BlackElo "1958"]
[Result "0-1"]
[PlyCount "59"]
[EventDate "2012.11.16"]

1. d4 d5 2. Nf3 Nf6 3. e3 c6 4. Bd3 Bg4 5. Nbd2 Nbd7 6. b3 e5 7. Be2 e4 8. Ng1
Be6 9. Bb2 Qa5 10. a3 Be7 11. c4 O-O 12. Nh3 Bxh3 13. gxh3 dxc4 14. bxc4 Qg5
15. Kf1 Bd6 16. Bg4 Qh4 17. Bxd7 Nxd7 18. Qg4 Qxg4 19. hxg4 Rae8 20. Ke2 f5 21.
Rag1 f4 22. h3 Rf7 23. Rf1 c5 24. Nb3 cxd4 25. Nxd4 f3+ 26. Kd2 Ne5 27. Nb3
Nxc4+ 28. Kc2 Rc8 29. Kb1 Bxa3 30. Bxa3 0-1

[Event "XI Weekend A"]
[Site "Vignola ITA"]
[Date "2012.11.18"]
[Round "5"]
[White "Del Gaiso, Massimo"]
[Black "De Simone Sorrentino, Fabio"]
[WhiteElo "1698"]
[BlackElo "1686"]
[Result "1-0"]
[PlyCount "57"]
[EventDate "2012.11.16"]

1. Nf3 Nf6 2. g3 e6 3. Bg2 d5 4. O-O Bc5 5. d4 Bd6 6. c4 c6 7. b3 O-O 8. Nbd2
Nbd7 9. Re1 e5 10. c5 Bc7 11. e4 dxe4 12. Nxe4 Nxe4 13. Rxe4 Nxc5 14. Re1 exd4
15. Nxd4 Ne6 16. Bb2 Nxd4 17. Bxd4 Be6 18. Re3 Bb6 19. Rd3 Bxd4 20. Rxd4 Qb6
21. Rh4 Bf5 22. Qh5 Bg6 23. Qg5 f6 24. Qg4 Rad8 25. Qc4+ Kh8 26. Qg4 Rd2 27.
Rf1 Rfd8 28. Qxg6 h6 29. Be4 1-0

[Event "XI Weekend A"]
[Site "Vignola ITA"]
[Date "2012.11.18"]
[Round "5"]
[White "Franco, Alessandro P."]
[Black "Buriani, Andrea"]
[WhiteElo "1897"]
[BlackElo "2081"]
[Result "0-1"]
[PlyCount "62"]
[EventDate "2012.11.16"]

1. e4 e5 2. f4 Bc5 3. Nf3 d6 4. Bc4 Nf6 5. d3 O-O 6. Nc3 c6 7. fxe5 dxe5 8. Qe2
b5 9. Bb3 Bg4 10. a4 b4 11. Nd1 Na6 12. Ne3 Qe7 13. Nc4 Bd4 14. h3 Bxf3 15.
Qxf3 Nc5 16. Be3 Nxb3 17. cxb3 Qc5 18. Bh6 Bxb2 19. Rf1 Ne8 20. Ra2 Bc3+ 21.
Bd2 Bxd2+ 22. Rxd2 Qd4 23. Qg3 f6 24. Rdf2 Nd6 25. Nd2 Rad8 26. Rxf6 Rxf6 27.
Rxf6 Qc3 28. Rf3 Nxe4 29. dxe4 Qc1+ 30. Kf2 Rxd2+ 31. Ke3 Qc3# 0-1

[Event "XI Weekend A"]
[Site "Vignola ITA"]
[Date "2012.11.18"]
[Round "5"]
[White "Malfagia, Andrea"]
[Black "Ferraguti, Francesco"]
[WhiteElo "2254"]
[BlackElo "1914"]
[Result "1-0"]
[PlyCount "93"]
[EventDate "2012.11.16"]

1. d4 d5 2. c4 c6 3. Nf3 e6 4. Qc2 Nf6 5. g3 Be7 6. Bg2 O-O 7. O-O Nbd7 8. b3
Re8 9. Bb2 Nf8 10. Nbd2 Ng6 11. Rad1 Qc7 12. e4 dxe4 13. Nxe4 b6 14. Nfg5 Nxe4
15. Nxe4 Bb7 16. Rfe1 Rad8 17. h4 h6 18. h5 Nf8 19. Qc3 f5 20. d5 e5 21. d6
Bxd6 22. Nxd6 Rxd6 23. Rxd6 Qxd6 24. Rxe5 Rxe5 25. Qxe5 Qxe5 26. Bxe5 g6 27.
hxg6 Nxg6 28. Bb8 a6 29. a4 Ne7 30. Bc7 Nc8 31. b4 Kf7 32. b5 axb5 33. cxb5 Ke8
34. bxc6 Ba8 35. Kh2 Ne7 36. Bxb6 Bxc6 37. a5 Bxg2 38. Kxg2 Kd7 39. Kf3 Ng6 40.
Be3 h5 41. Bg5 Kc8 42. Ke3 Kd7 43. f4 Nh8 44. Kd4 Nf7 45. Kd5 Nd6 46. Ke5 Ne4
47. Bh4 1-0

[Event "XI Weekend A"]
[Site "Vignola ITA"]
[Date "2012.11.18"]
[Round "5"]
[White "Paoli, Walter"]
[Black "Simonini, Mattia"]
[WhiteElo "2045"]
[BlackElo "1794"]
[Result "1-0"]
[PlyCount "63"]
[EventDate "2012.11.16"]

1. Nf3 d5 2. g3 Nf6 3. Bg2 c5 4. O-O e6 5. c4 Bd6 6. d4 dxc4 7. dxc5 Bxc5 8.
Qa4+ Nbd7 9. Qxc4 a6 10. Rd1 Qe7 11. Nd4 O-O 12. Nb3 Ba7 13. Nc3 Ne5 14. Qh4
Ng6 15. Qg5 h6 16. Qd2 Ng4 17. e3 N6e5 18. h3 Nf6 19. Nd4 Rb8 20. b3 Bd7 21.
Bb2 Rfc8 22. Ne4 Nxe4 23. Bxe4 Nc6 24. Rac1 Nxd4 25. Bxd4 Bxd4 26. Qxd4 Be8 27.
Qa7 Rxc1 28. Rxc1 Rd8 29. Qxb7 Qa3 30. Rc8 Qd6 31. Rxd8 Qxd8 32. Qxa6 1-0

[Event "XI Weekend A"]
[Site "Vignola ITA"]
[Date "2012.11.18"]
[Round "5"]
[White "Pomante, Sergio"]
[Black "Garofalo, Sergio"]
[WhiteElo "1648"]
[BlackElo "1826"]
[Result "0-1"]
[PlyCount "122"]
[EventDate "2012.11.16"]

1. e4 e5 2. Nf3 Nc6 3. Bb5 Bc5 4. O-O Nd4 5. Nxd4 Bxd4 6. c3 Bb6 7. d3 Ne7 8.
Be3 c6 9. Bc4 O-O 10. Nd2 d5 11. Bb3 f5 12. Nf3 Qd6 13. Rc1 f4 14. Bxb6 axb6
15. d4 exd4 16. Qxd4 c5 17. Bxd5+ Nxd5 18. Qxd5+ Qxd5 19. exd5 Rxa2 20. b3 Bf5
21. Rfd1 Bc2 22. Rd2 Bxb3 23. Rxa2 Bxa2 24. c4 b5 25. cxb5 Bxd5 26. Rxc5 Bxf3
27. gxf3 b6 28. Re5 Rf6 29. h4 Kf7 30. h5 g6 31. hxg6+ hxg6 32. Kf1 Rf5 33. Re4
Rxb5 34. Rxf4+ Rf5 35. Rb4 b5 36. Ke2 Ke6 37. Ke3 Kd6 38. Rb1 Kc5 39. Rc1+ Kb4
40. Rc6 g5 41. Rc1 Kb3 42. Rd1 Kc2 43. Rd2+ Kc1 44. Rd3 b4 45. Kd4 Rf4+ 46. Kc5
Kc2 47. Re3 Kd2 48. Kb5 Rd4 49. Re4 Kc3 50. Re3+ Rd3 51. Ka4 b3 52. Ka3 Kc2 53.
Re2+ Rd2 54. Re5 b2 55. Rc5+ Kb1 56. Rxg5 Rd3+ 57. Kb4 Rxf3 58. Rg8 Kc2 59.
Rc8+ Kd2 60. Rd8+ Ke2 61. Re8+ Kxf2 0-1

[Event "XI Weekend A"]
[Site "Vignola ITA"]
[Date "2012.11.18"]
[Round "5"]
[White "Sacchetti, Andrea"]
[Black "Santamato, Luigi"]
[WhiteElo "1865"]
[BlackElo "1775"]
[Result "1-0"]
[PlyCount "33"]
[EventDate "2012.11.16"]

1. d4 d5 2. c4 c6 3. e3 Nf6 4. Nf3 e6 5. Nc3 Nbd7 6. Be2 dxc4 7. Bxc4 b5 8. Bd3
Bb7 9. O-O a6 10. e4 c5 11. e5 Nd5 12. Nxd5 Bxd5 13. Ng5 g6 14. Be4 Bxe4 15.
Nxe4 cxd4 16. Qxd4 Qb6 17. Nf6+ 1-0

[Event "XI Weekend A"]
[Site "Vignola ITA"]
[Date "2012.11.18"]
[Round "5"]
[White "Sasdelli, Massimo"]
[Black "De Biaggi, Paolo"]
[WhiteElo "1828"]
[BlackElo "1865"]
[Result "1/2-1/2"]
[PlyCount "30"]
[EventDate "2012.11.16"]

1. c4 g6 2. g3 Bg7 3. Bg2 c6 4. Nc3 d6 5. e4 e5 6. Nge2 Be6 7. d3 Ne7 8. O-O
O-O 9. h3 Na6 10. Kh2 Qd7 11. f4 f5 12. Rb1 Rad8 13. Be3 c5 14. b3 Nc7 15. Qd2
b6 1/2-1/2

[Event "XI Weekend A"]
[Site "Vignola ITA"]
[Date "2012.11.18"]
[Round "5"]
[White "Setti, Roberto"]
[Black "Armaroli, Alberto"]
[WhiteElo "1976"]
[BlackElo "1553"]
[Result "1-0"]
[PlyCount "97"]
[EventDate "2012.11.16"]

1. d4 e6 2. Nf3 Nf6 3. Bg5 Be7 4. e3 b6 5. Bd3 Bb7 6. Nbd2 d5 7. O-O Nbd7 8. c3
c5 9. Rc1 Qc7 10. Re1 e5 11. dxe5 Nxe5 12. Nxe5 Qxe5 13. Bb5+ Kf8 14. Nf3 Qc7
15. Bd3 Rd8 16. Qc2 g6 17. Rcd1 Ng4 18. Bf4 Bd6 19. Bg3 Bxg3 20. hxg3 Ne5 21.
Be2 h5 22. Rd2 Nxf3+ 23. Bxf3 h4 24. gxh4 Rxh4 25. g3 Rh6 26. Red1 Kg7 27. Bxd5
Bxd5 28. Rxd5 Qc6 29. Qe4 Rh5 30. c4 Rdh8 31. Kf1 Rh1+ 32. Ke2 Rxd1 33. Qe5+
Qf6 34. Qxf6+ Kxf6 35. Rxd1 Ke7 36. Kf3 a6 37. a4 Rb8 38. Rd5 Rh8 39. Ke4 Rh2
40. Rd2 Rh5 41. g4 Rh4 42. Kf4 Rh8 43. e4 f6 44. e5 fxe5+ 45. Kxe5 Rh1 46. Rd3
Rf1 47. f3 Re1+ 48. Kf4 Re6 49. Re3 1-0

[Event "XI Weekend A"]
[Site "Vignola ITA"]
[Date "2012.11.18"]
[Round "5"]
[White "Sfera, Mattia"]
[Black "Modena, Giorgio"]
[WhiteElo "2000"]
[BlackElo "1934"]
[Result "1-0"]
[PlyCount "69"]
[EventDate "2012.11.16"]

1. e4 e6 2. d4 d5 3. Nc3 dxe4 4. Nxe4 Nd7 5. Nf3 Ngf6 6. Bg5 c5 7. Nxf6+ Nxf6
8. Qd2 Be7 9. O-O-O cxd4 10. Nxd4 O-O 11. Bd3 Bd7 12. h4 Rc8 13. f3 Qc7 14.
Rhe1 Nd5 15. Bxe7 Nxe7 16. h5 Nd5 17. Kb1 Qf4 18. Qf2 Nb4 19. Be4 f5 20. Bd3
Nxd3 21. Rxd3 Qh6 22. Qh4 Qf6 23. Qxf6 Rxf6 24. Nxf5 Rxf5 25. Rxd7 Rxh5 26.
Rxb7 a5 27. b3 Rhc5 28. c4 Re8 29. Kb2 Rg5 30. Re2 Kf8 31. a3 Re7 32. Rxe7 Kxe7
33. Rd2 h5 34. b4 a4 35. c5 1-0